Ramiro y el chigüiro / (Registro nro. 58332)

Detalles MARC
000 -CABECERA
Longitud fija campo de control 01103cam a2200301 a 4500
003 - • IDENTIFICADOR DELl NÚMERO DE CONTROL
Identificador del número de control CO-BoRNBP
005 - • FECHA Y HORA DE LA ÚLTIMA TRANSACCIÓN
Fecha y hora de la última transacción 20250821203540.0
007 - • CAMPO FIJO DE DESCRIPCIÓN FÍSICA
Campo fijo de descripción física ta
008 - • CÓDIGOS DE INFORMACIÓN DE LONGITUD FIJA
Códigos de información de longitud fija 170705s2016 ck a gr 000 j spa
020 ## - • NÚMERO INTERNACIONAL NORMALIZADO PARA LIBROS
Número Internacional Normalizado para Libros (ISBN) 9789588889962 (obra impresa)
040 ## - FUENTE DE LA CATALOGACIÓN
Centro catalogador de origen CO-BoBN
Lengua de catalogación spa
Centro transcriptor CO-BoBN
082 04 - • NÚMERO DE LA CLASIFICACIÓN DECIMAL DEWEY
Número de clasificación (R) Co863.5
Número de edición 23
084 ## - • Clasificación Local Alfanúmerica PNLB
Número de clasificación C OVI
100 1# - • PUNTO DE ACCESO PRINCIPAL-NOMBRE DE PERSONA
Nombre de persona Oviedo, Luz Helena
245 10 - • TITULO PROPIAMENTE DICHO
Título Ramiro y el chigüiro /
Mención de responsabilidad, etc. textos de Luz Helena Oviedo, con ilustraciones de Jessica Portillo y dirección de arte de Mauricio Ramírez Castro
250 ## - • MENCIÓN DE EDICIÓN
Mención de edición 1a. edición
300 ## - • DESCRIPCIÓN FÍSICA
Extensión [12] p. :
Otras características físicas principalmente il. col. ;
Dimensiones 19 x 25 cm
336 ## - TIPO DE CONTENIDO
Fuente rdacontent
Término de tipo de contenido texto
Código de tipo de contenido txt
337 ## - TIPO DE MEDIO
Fuente rdamedia
Nombre del tipo de medio sin mediación
Código del tipo de medio n
338 ## - TIPO DE SOPORTE
Fuente rdacarrier
Nombre del tipo de soporte volumen
Código del tipo de soporte nc
650 14 - • PUNTO DE ACCESO ADICIONAL DE MATERIA - TÉRMINO DE MATERIA
Término de materia o nombre geográfico como elemento inicial Cuentos infantiles colombianos
Subdivisión cronológica Siglo XXI
Fuente del encabezamiento o término LEMB
650 24 - • PUNTO DE ACCESO ADICIONAL DE MATERIA - TÉRMINO DE MATERIA
Término de materia o nombre geográfico como elemento inicial Animales en la literatura
Fuente del encabezamiento o término LEMB
700 1# - • PUNTO DE ACCESO ADICIONAL - NOMBRE DE PERSONA
Nombre de persona Portillo, Jessica,
Término indicativo de función ilustrador
700 1# - • PUNTO DE ACCESO ADICIONAL - NOMBRE DE PERSONA
Nombre de persona Ramírez Castro, Mauricio,
Término indicativo de función director
942 ## - ENTRADA DE ELEMENTOS AGREGADOS (KOHA)
Fuente de clasificaión o esquema Dewey Decimal Classification
Koha [por defecto] tipo de item LIbro
990 ## - EQUIVALENCIA O SECCIÓN-REFERENCIA [LOCAL, CANADA]
Enlace de información para campos 9XX 2017-5685
Enlace de información para campo correspondiente a campo 9XX Instituto de Investigación de Recursos Biológicos Alexander von Humboldt
Existencias
Perdido Fuente de clasificación o esquema Estado Físico No para préstamo Forma de adquisición Localización permanente Localización actual Localización en estanterías Fecha adquisición Préstamos totales Signatura completa Código de barras Fecha última consulta Número de copia Fecha del precio de reemplazo Tipo de item de Koha
  Clasificación Local Facetada     Infantil Biblioteca Pública San Juanito - Ernesto Maria Peña Romero Biblioteca Pública San Juanito - Ernesto Maria Peña Romero Sala Infantil 08/21/2025   C OVI SJU01455 08/21/2025 Ej.1 08/21/2025 LIbro









Instituto Departamental de Cultura del Meta - Red Departamental de Bibliotecas Públicas del Meta.